000
00314nam a22001337a 4500
008
181023b xxu||||| |||| 00| 0 eng d
020
_a
2740144704430
041
_a
eng
080
_2
6 ED
_a
981
100
_a
45
101
_a
MUZ
245
_a
Principal Of Instrumental Analysis
_c
Holler.S
942
_2
udc
_c
BK
999
_c
50578
_d
50578